[Event "Senior WM"]
[Site "Naumburg GER"]
[Date "2002.10.29"]
[Round "7"]
[White "Boehnisch,M"]
[Black "Klovans,J"]
[Result "1/2-1/2"]
[WhiteElo "2365"]
[BlackElo "2417"]

1.e4 c5 2.Nf3 Nc6 3.Bb5 g6 4.O-O Bg7 5.c3 Nf6 6.e5 Nd5 7.d4 cxd4 8.cxd4 O-O
9.Nc3 Nxc3 10.bxc3 d6 11.exd6 Qxd6 12.a4 a6 13.Ba3 Qc7 14.Bxc6 Qxc6 15.Bxe7 Re8
16.d5 Qxc3 17.Rc1 Qa5 18.Rc5 Qb6 19.a5 Qb4 20.Rxc8 Qxe7 21.d6 Qf6 22.Rc7 Red8
23.d7 b6 24.Qd5 Rab8 25.Rb1 Bf8 26.Ne5 Qe7 27.Rc6 bxa5 28.Rxb8 Rxb8 29.g3 Qf6
30.Rc7  1/2-1/2

[Event "10th Chigorin Mem"]
[Site "St Petersburg RUS"]
[Date "2002.10.29"]
[Round "5"]
[White "Kryschilovskij,A"]
[Black "Geller,J"]
[Result "1-0"]
[WhiteElo "2390"]
[BlackElo "2433"]

1.e4 c5 2.Nf3 Nc6 3.Bb5 g6 4.Bxc6 bxc6 5.O-O Bg7 6.Re1 d6 7.h3 e6 8.e5 d5
9.d3 Ne7 10.Be3 Qb6 11.b3 Nf5 12.Bc1 c4 13.dxc4 dxc4 14.Ba3 Ba6 15.Nc3 Qa5
16.Na4 Bf8 17.Bxf8 Kxf8 18.Qd7 h6 19.g4 Ne7 20.Rad1 cxb3 21.axb3 Bc4 22.bxc4 Qxa4
23.Qc7 Rc8 24.Rd8+ Kg7 25.Rxc8 Nxc8 26.Rd1 Qxc4 27.Kg2 Nb6 28.Qxa7 Qxc2 29.Rd2 Qb3
30.Qb7 Qb4 31.Qxc6 Nd5 32.Rxd5 exd5 33.Qf6+ Kg8 34.e6 Qf8 35.e7 Qe8 36.Ne5 h5
37.g5 d4 38.Nc4 Kh7 39.Nd6 Qa8+ 40.Kh2 Qd5 41.e8=Q  1-0

[Event "Olympiad"]
[Site "Bled SLO"]
[Date "2002.10.30"]
[Round "5"]
[White "Kveinys,A"]
[Black "Ramesh,R"]
[Result "1-0"]
[WhiteElo "2530"]
[BlackElo "2475"]

1.e4 c5 2.Nf3 Nc6 3.Bb5 Nf6 4.e5 Nd5 5.O-O g6 6.Re1 Bg7 7.Nc3 Nc7 8.Bxc6 dxc6
9.Ne4 Ne6 10.d3 O-O 11.Be3 b6 12.Qd2 f5 13.exf6 exf6 14.Bh6 a5 15.a4 Ra7
16.Bxg7 Kxg7 17.Qc3 Nf4 18.d4 Nd5 19.Qb3 f5 20.Ned2 cxd4 21.Nxd4 Qf6 22.N2f3 Nb4
23.Ne6+ Bxe6 24.Rxe6 Qf7 25.Rae1 Qd7 26.h3 Rc7 27.Ng5 Qd8 28.Rxg6+ Kxg6 29.Ne6 Qd6
30.Nxf8+  1-0

[Event "Olympiad w"]
[Site "Bled SLO"]
[Date "2002.10.30"]
[Round "5"]
[White "Te Llalemand,R"]
[Black "Llaneza Vega,P"]
[Result "1/2-1/2"]
[WhiteElo "2301"]
[BlackElo "2312"]

1.e4 c5 2.Nf3 Nc6 3.Bb5 g6 4.O-O Bg7 5.c3 Nf6 6.Re1 O-O 7.e5 Ne8 8.d4 cxd4
9.cxd4 d5 10.Nc3 Nc7 11.Be3 Nxb5 12.Nxb5 Qb6 13.Nc3 Rd8 14.Qd2 Bg4 15.Nh4 Nxe5
16.dxe5 d4 17.Bg5 dxc3 18.Qxc3 Rd7 19.h3 Be6 20.Nf3 h6 21.Be3 Qb5 22.Qc1 Kh7
23.Bd4 Bd5 24.Qe3 Bxf3 25.gxf3 Qc4 26.Bc3 Rad8 27.Qe4 Qxe4 28.Rxe4  1/2-1/2

[Event "Olympiad"]
[Site "Bled SLO"]
[Date "2002.10.30"]
[Round "5"]
[White "Nevednichy,V"]
[Black "Bauer,Ch"]
[Result "1/2-1/2"]
[WhiteElo "2555"]
[BlackElo "2562"]

1.e4 c5 2.Nf3 Nc6 3.Bb5 Nf6 4.Nc3 Qc7 5.O-O Nd4 6.Re1 a6 7.Bf1 e5 8.d3 Be7
9.Bg5 d6 10.Bxf6 Bxf6 11.Nxd4 cxd4 12.Nd5 Qd8 13.c3 dxc3 14.bxc3 Be6 15.Qb3 Rb8
16.a4 O-O 17.a5 Bg5 18.Reb1 f5 19.exf5 Rxf5 20.g3 Rf3 21.Rb2 Kh8 22.Qa2 Qf8
23.Re1 Qf7 24.c4 Rf8 25.Bg2 Rxd3 26.Rf1 Rd4 27.Qa3 Rd8 28.Rb6 Rxc4 29.Rxd6 Re8
30.Nb6 Be7 31.Nxc4 Bxc4 32.Rfd1 e4 33.Qc5 Bxd6 34.Rxd6 Bb5 35.Rd5 Bc6 36.Rf5 Qg8
37.h4 h6 38.Kh2 Bd7 39.Re5 Bc6 40.Rf5 Bd7 41.Re5 Bc6  1/2-1/2

[Event "Olympiad"]
[Site "Bled SLO"]
[Date "2002.10.30"]
[Round "5"]
[White "Berzinsh,R"]
[Black "Espinosa,Ra MEX"]
[Result "1/2-1/2"]
[WhiteElo "2472"]
[BlackElo "2414"]

1.e4 c5 2.Nf3 Nc6 3.Bb5 g6 4.Bxc6 dxc6 5.d3 Bg7 6.h3 e5 7.Be3 Qe7 8.Qd2 Nf6
9.Qc3 b6 10.b4 O-O 11.bxc5 Nd5 12.exd5 e4 13.Nd4 bxc5 14.O-O cxd4 15.Bxd4 Bxd4
16.Qxd4 exd3 17.Nc3 dxc2 18.d6 Qd8 19.Ne4 c5 20.Nxc5 Qb6 21.Qd5 Bf5 22.d7 Rad8
23.Rae1 Qb5 24.a4 Qa5 25.Qd4 Qb6 26.Qd5 Qa5 27.Qd4 Qb6  1/2-1/2

[Event "Olympiad"]
[Site "Bled SLO"]
[Date "2002.10.30"]
[Round "5"]
[White "Odeev,H"]
[Black "Veingold,A"]
[Result "0-1"]
[WhiteElo "2461"]
[BlackElo "2476"]

1.e4 c5 2.Nf3 Nc6 3.Bb5 d6 4.O-O Bd7 5.Re1 Nf6 6.h3 e6 7.c3 d5 8.d3 Be7 9.e5 Nxe5
10.Nxe5 Bxb5 11.a4 Bd7 12.Nd2 O-O 13.f4 Qc7 14.Ndf3 Rad8 15.Be3 Bc8 16.Bf2 Ne8
17.Qd2 b6 18.Re2 Nd6 19.Rae1 f6 20.Ng4 Nf5 21.Ngh2 Bd6 22.g3 Rde8 23.Qc2 Ne7
24.Nf1 Nc6 25.Qb3 Qf7 26.Ne3 Na5 27.Qa2 Bb7 28.d4 Ba6 29.Rd2 c4 30.Rde2 Bc8
31.h4 Bd7 32.Nf1 Nc6 33.Qb1 Qg6 34.Qxg6 hxg6 35.N1d2 Na5 36.Ra1 Kf7 37.Kg2 Bc6
38.Ra2 Re7 39.Kf1 Nb3 40.Re1 a5 41.Kg1 Nxd2 42.Nxd2 Rb8 43.Nf3 Reb7 44.Be3 b5
45.axb5 Rxb5 46.Bc1 Bc7 47.Kf2 a4 48.Re2 R5b7 49.Re1 Bd6 50.Nd2 Ke7 51.Nf3 Rh8
52.Re2 Bd7 53.Re1 Kd8 54.Re2 Kc7 55.Re1 Ra8 56.Re2 Kd8 57.Re1 Rba7 58.Ke3 Ke7
59.Ra1 Rb7 60.Ra2 a3 61.bxa3 Rb3 62.Bd2 Rbxa3 63.Rxa3 Rxa3 64.Rb1 Bc6 65.Be1 Kd7
66.Bd2 Kc7 67.g4 Be8 68.g5 Ba4 69.Rh1 Bc2 70.Rc1 Be4 71.Nh2 Ra2 72.Rd1 Bf5
73.Nf1 Bc2 74.Rc1 Ba3 75.Re1 Bb2 76.Nh2 Bf5 77.Kf3 Bxc3 78.Bxc3 Rxh2 79.Bb4 c3
80.Bf8 Rxh4 81.Bxg7 fxg5 82.fxg5 Kc6 83.Be5 Kb5  0-1

[Event "Blue Autumn"]
[Site "Bucharest ROM"]
[Date "2002.10.30"]
[Round "8"]
[White "Vasiesiu,D"]
[Black "Djukic,Ni"]
[Result "1/2-1/2"]
[WhiteElo "2435"]
[BlackElo "2413"]

1.e4 c5 2.Nf3 Nc6 3.Bb5 e6 4.Bxc6 bxc6 5.d3 Ne7 6.Qe2 f6 7.Nh4 g6 8.f4 Bg7
9.Nf3 O-O 10.Nc3 e5 11.fxe5 fxe5 12.Qf2 d6 13.Qh4 Bd7 14.O-O Nc8 15.Bg5 Qe8
16.Nd1 Be6 17.Ne3 Qd7 18.Bh6 Bxh6 19.Qxh6 Qg7 20.Qxg7+ Kxg7 21.Ng5 Rxf1+
22.Rxf1 Bg8 23.b3 Ne7 24.Nf3 h6 25.Nd2 Be6 26.a3 Rd8 27.Nec4 Rd7 28.b4 cxb4
29.axb4 Nc8 30.Ra1 Kf7 31.Ra6 Rc7 32.Kf2 Ke7 33.Ke3 Kd7 34.c3 Rb7 35.Nb3 Bxc4
36.dxc4 c5 37.b5 Ke8 38.Ra2 Rf7 39.Na5 Ne7 40.Rd2 Rf6 41.Nb7 Nc8 42.h4 h5
43.Rd1 Ke7 44.Na5 Kd7 45.Nc6 Kc7 46.Ra1 Kb7 47.Na5+ Kb8 48.g3 Rf8 49.Ke2 Rf6
50.Nc6+ Kb7 51.Ra2 Rf8 52.Ra6 Rf6 53.Ra1  1/2-1/2

[Event "Olympiad"]
[Site "Bled SLO"]
[Date "2002.10.31"]
[Round "6"]
[White "Obodchuk,A"]
[Black "Szmetan,R"]
[Result "1-0"]
[WhiteElo "2423"]
[BlackElo "2282"]

1.e4 c5 2.Nf3 Nc6 3.Bb5 g6 4.Bxc6 dxc6 5.h3 Bg7 6.d3 Nf6 7.Nc3 O-O 8.Be3 b6
9.Qd2 Nd7 10.Bh6 e5 11.g4 Qf6 12.Nh2 Bxh6 13.Qxh6 Re8 14.Qe3 Nf8 15.g5 Qf4
16.Qxf4 exf4 17.Nf3 f6 18.gxf6 Nd7 19.Ne2 Nxf6 20.Nxf4 Rf8 21.Ke2 Nxe4 22.Nxg6 Re8
23.Nge5 Nd6 24.Rag1+ Kf8 25.Kd2 c4 26.Nxc4 Nxc4+ 27.dxc4 c5 28.Rg5 Be6 29.Kc3 h6
30.Rg6 Bf7 31.Rxh6 Kg7 32.Rh4 Re2 33.Rg1+ Kf6 34.Rf4+  1-0

[Event "Olympiad w"]
[Site "Bled SLO"]
[Date "2002.10.31"]
[Round "6"]
[White "Pina,S"]
[Black "Ramaswamy,A"]
[Result "1/2-1/2"]
[WhiteElo "2316"]
[BlackElo "2271"]

1.e4 c5 2.Nf3 Nc6 3.Bb5 g6 4.Bxc6 bxc6 5.d3 Bg7 6.Nc3 d6 7.h3 e5 8.O-O Ne7
9.Nh2 O-O 10.f4 exf4 11.Bxf4 f5 12.Kh1 h6 13.Be3 Kh7 14.Qd2 Rb8 15.Rab1 Be6
16.b3 Qa5 17.Na4 Qxd2 18.Bxd2 fxe4 19.dxe4 Rxf1+ 20.Rxf1 c4 21.Bf4 Nc8 22.Nc5 Bg8
23.Ng4 cxb3 24.axb3 Rb4 25.Nd7 h5 26.Ngf6+ Kh8 27.Nxg8 Kxg8 28.e5 dxe5 29.Bxe5 Rb7
30.Nf6+ Bxf6 31.Rxf6 Ne7 32.Bd6 Nf5 33.Bc5 Kh7 34.Rxc6 Rd7 35.g4 Rd1+ 36.Kh2 Rd2+
37.Kg1 hxg4 38.hxg4 Nd4 39.Bxd4 Rxd4 40.Rc7+ Kh6 41.Rxa7 Kg5 42.Rf7 Kxg4
43.Kg2 g5 44.Rf2 Rd1 45.Rf1 Rd2+ 46.Rf2 Rd1  1/2-1/2

[Event "Olympiad w"]
[Site "Bled SLO"]
[Date "2002.10.31"]
[Round "6"]
[White "Partac,E"]
[Black "Ciganikova,A"]
[Result "1/2-1/2"]
[WhiteElo "2205"]
[BlackElo "2170"]

1.e4 c5 2.Nf3 Nc6 3.Bb5 d6 4.O-O Bd7 5.Nc3 e5 6.a4 Nf6 7.d3 Nd4 8.Bxd7+ Qxd7
9.Bg5 Be7 10.Bxf6 Bxf6 11.Nd5 Bd8 12.Nxd4 cxd4 13.f4 exf4 14.Rxf4 O-O 15.Qh5 Rc8
16.Rf2 Qe6 17.Raf1 h6 18.Nf4 Qe5 19.Qxe5 dxe5 20.Ng6 Re8 21.Rxf7 Re6 22.Rf8+ Kh7
23.Nh4 Rec6 24.Nf5 Bg5 25.Rxc8 Rxc8 26.Rf2 Rc6 27.Kf1 g6 28.Ng3 Kg7 29.Ke1 Bc1
30.b3 Be3 31.Re2 h5 32.Nf1 Bg5 33.Rf2 h4 34.Kd1 Rc8 35.Nd2 Bxd2 36.Kxd2 Rc6
37.h3 Rc8 38.Rf1 Rc6 39.Rc1 Rc3 40.Rf1 Rc6 41.Rf2 Rc8 42.Ke1 Rc6 43.Kf1 Rc8
44.Kg1 Rc6 45.Kh2 Kh6 46.g3 hxg3+ 47.Kxg3 Kg5 48.h4+ Kh6 49.Kg4 Kg7 50.Kg5 a5
51.h5 gxh5 52.Kxh5 Rh6+ 53.Kg4 Rg6+ 54.Kf3 Kf6 55.Ke2+ Ke6 56.Kd2 Kd7 57.Rf7+ Kc6
58.Re7 Rg2+ 59.Kc1 Rg5 60.Kb2 b5 61.Rf7 b4 62.Ra7 Kb6 63.Ra8 Rg7 64.Re8 Rg5
65.Rb8+ Ka6 66.Rf8 Kb6 67.Rb8+ Ka6 68.Rf8 Kb6 69.Rf6+ Kb7 70.Rd6 Rh5 71.Rd5 Kb6
72.Rb5+ Ka6 73.Rd5 Kb6 74.Rd6+ Kb7 75.Rf6 Rg5 76.Ka2 Rh5  1/2-1/2

[Event "Olympiad"]
[Site "Bled SLO"]
[Date "2002.10.31"]
[Round "6"]
[White "Kveinys,A"]
[Black "Markos,J"]
[Result "1-0"]
[WhiteElo "2530"]
[BlackElo "2480"]

1.e4 c5 2.Nf3 Nc6 3.Bb5 d6 4.O-O Bd7 5.Re1 Nf6 6.h3 a6 7.Bf1 e6 8.c3 Be7
9.d4 cxd4 10.cxd4 d5 11.e5 Ne4 12.Bd3 Ng5 13.Nbd2 Qb6 14.Nxg5 Bxg5 15.Nb3 h6
16.Qg4 O-O-O 17.Bxg5 hxg5 18.Qxg5 Kb8 19.Rac1 Ka7 20.Qe3 Rh4 21.Rc3 Na5 22.Rec1 Nxb3
23.Rxb3 Qxd4 24.Rc7 Bc6 25.Qc1 Qa4 26.Ra3 Rc4 27.Bxc4 Qxc4 28.Rc3  1-0

[Event "Olympiad"]
[Site "Bled SLO"]
[Date "2002.10.31"]
[Round "6"]
[White "Winants,L"]
[Black "Kotronias,V"]
[Result "1/2-1/2"]
[WhiteElo "2504"]
[BlackElo "2561"]

1.e4 c5 2.Nf3 Nc6 3.Bb5 g6 4.Bxc6 dxc6 5.d3 Bg7 6.h3 b6 7.Nc3 e5 8.Be3 h6
9.Qd2 Ne7 10.Nh2 Be6 11.O-O-O Qd7 12.g4 h5 13.f3 O-O-O 14.Qg2 Rh7  1/2-1/2

[Event "Olympiad"]
[Site "Bled SLO"]
[Date "2002.10.31"]
[Round "6"]
[White "Aldama,D"]
[Black "Simonet,M"]
[Result "1-0"]
[WhiteElo "2443"]
[BlackElo "2304"]

1.e4 c5 2.Nf3 Nc6 3.Bb5 g6 4.Bxc6 dxc6 5.h3 Bg7 6.O-O Nf6 7.Nc3 O-O 8.d3 Nd7
9.Be3 e5 10.Qd2 Re8 11.Bh6 Bh8 12.Nh2 Nf8 13.f4 exf4 14.Rxf4 Ne6 15.Rf2 Nd4
16.Raf1 Be6 17.Nd1 c4 18.Ne3 cxd3 19.cxd3 f5 20.g4 fxe4 21.Rf8+ Rxf8 22.Rxf8+ Qxf8
23.Bxf8 Rxf8 24.dxe4 Bxa2 25.Qd3 b5 26.g5 Rd8 27.Qa3 Bb1 28.Qe7 Rf8 29.Nhg4 Bg7
30.Nf6+ Kh8 31.Kg2 Ba2 32.Qxa7  1-0

[Event "10th Chigorin Mem B"]
[Site "St Petersburg RUS"]
[Date "2002.10.31"]
[Round "6"]
[White "Doluhanova,E"]
[Black "Shaklein,F"]
[Result "1/2-1/2"]
[WhiteElo "2139"]
[BlackElo "2276"]

1.e4 c5 2.Nf3 Nc6 3.Bb5 g6 4.Bxc6 bxc6 5.d3 Bg7 6.c3 d6 7.h3 Nh6 8.Be3 f6
9.O-O O-O 10.d4 cxd4 11.cxd4 f5 12.e5 Nf7 13.Bf4 Rb8 14.Qc1 Qb6 15.Nbd2 g5
16.Nc4 Qb4 17.Bd2 Qb7 18.Nxg5 dxe5 19.Nxf7 Rxf7 20.dxe5 Be6 21.Na5 Qxb2 22.Nxc6 Qxc1
23.Rfxc1 Re8 24.Bf4 Bd5 25.Nxa7 Ra8 26.Nc6 Rxa2 27.Rxa2 Bxa2 28.Nb4 Bb3 29.Rc3 Ba4
30.Ra3 Bb5 31.Ra5 Bc4 32.Rc5 Bb3 33.Rc3 Ba4 34.Nd5 e6 35.Nb6 Bd1 36.Nc8 h6
37.Nd6 Ra7 38.Rc8+ Kh7 39.Ne8 Bb3 40.Kh2 Bd5 41.Kg3 Kg6 42.f3 Rf7 43.Nxg7 Kxg7
44.Kh4 Kh7 45.Kh5 Rg7 46.Rc2 Rxg2 47.Rxg2 Bxf3+ 48.Rg4 Be2 49.Be3 Bd1 50.Bd2  1/2-1/2

[Event "10th Chigorin Mem B"]
[Site "St Petersburg RUS"]
[Date "2002.10.31"]
[Round "6"]
[White "Karaev,M"]
[Black "Kuzubov,Y"]
[Result "0-1"]
[WhiteElo "2302"]
[BlackElo "2186"]

1.e4 c5 2.Nf3 Nc6 3.Bb5 g6 4.O-O Bg7 5.c3 Nf6 6.Re1 O-O 7.d4 d5 8.exd5 Qxd5
9.Bxc6 Qxc6 10.dxc5 Qxc5 11.Be3 Qc7 12.Bd4 Bf5 13.Qe2 Rfe8 14.c4 Rac8 15.b3 e5
16.Bb2 e4 17.Nd4 Bd7 18.Nd2 Ng4 19.Nf1 f5 20.Red1 a6 21.Bc3 f4 22.f3 Nf6
23.Qb2 Nd5 24.cxd5 Qxc3 25.Qxc3 Rxc3 26.fxe4 Rxe4 27.Nf3 h6 28.Rac1 Kf8 29.Rxc3 Bxc3
30.Rd3 Bb4 31.h3 Bb5 32.Rd1 g5 33.Rc1 Ke8 34.N1d2 Bxd2 35.Nxd2 Rd4 36.Nc4 Rxd5
37.Re1+ Kf7 38.Ne5+ Kg7 39.a4 Be8 40.Nc4 Bc6 41.Re6 Rd3 42.Na5 Bd5 43.Rd6 Rd1+
44.Kf2 Bxb3 45.Rxd1 Bxd1 46.Nxb7 Bxa4 47.g3 Kf6 48.h4 gxh4 49.gxh4 Bc6 50.Nc5 a5  0-1

[Event "Olympiad w"]
[Site "Bled SLO"]
[Date "2002.11.01"]
[Round "7"]
[White "Dembo,Y"]
[Black "Bosboom Lanchava,T"]
[Result "1-0"]
[WhiteElo "2375"]
[BlackElo "2341"]

1.e4 c5 2.Nf3 Nc6 3.Bb5 e6 4.O-O Nge7 5.c3 a6 6.Ba4 b5 7.Bc2 Qc7 8.d4 cxd4
9.cxd4 Nb4 10.Bb3 d5 11.e5 Ng6 12.h4 Be7 13.h5 Nf8 14.Nc3 Nc6 15.Be3 Nd7
16.Rc1 Nb6 17.h6 g6 18.Bg5 Bb7 19.Qd2 Qd8 20.Bxe7 Qxe7 21.Nh2 Qh4 22.Ne2 Nc4
23.Bxc4 dxc4 24.Qe3 Ne7 25.Qg3 Qxg3 26.Nxg3 Nf5 27.Ng4 Nxd4 28.Nf6+ Ke7 29.Rfd1 Rad8
30.f4 g5 31.fxg5 Nc6 32.Rxd8 Rxd8 33.Nxh7 Nxe5 34.Nf6 Rd2 35.Nfe4 Rxb2 36.h7 Ng6
37.a3 Kf8 38.Rd1 Bd5 39.Kf1 a5 40.Nf6 c3 41.Rc1 Bxg2+ 42.Ke1 b4 43.axb4 axb4
44.Ngh5 e5 45.Rd1 Bc6 46.Rd8+ Ke7 47.Rc8 Kd6 48.Ng3 Rh2 49.Nf5+ Kc5 50.Nd7+ Kd5
51.Nf6+ Ke6 52.Ng7+ Kd6 53.Nf5+ Kc5 54.Nd7+ Kd5 55.Nf6+ Kc4 56.Rxc6+ Kb3
57.Ne3 c2 58.Nfd5 Rh1+ 59.Kd2 Rh2+ 60.Kd3 Rxh7 61.Nxc2 Rh3+ 62.Nce3 Nf4+
63.Ke4 Ne6 64.g6 Rg3 65.gxf7 Ng5+ 66.Kd3 Nxf7 67.Rb6 Ng5 68.Rxb4+ Ka3 69.Ke2 Ne6
70.Nc2+ Ka2 71.Kd2 Rg2+ 72.Kc3 Rg3+ 73.Nde3  1-0

[Event "Olympiad"]
[Site "Bled SLO"]
[Date "2002.11.01"]
[Round "7"]
[White "Domingos,C"]
[Black "Frick,R"]
[Result "1-0"]
[WhiteElo "2247"]
[BlackElo "2161"]

1.e4 c5 2.Nf3 Nc6 3.Bb5 g6 4.Bxc6 dxc6 5.d3 Bg7 6.h3 e5 7.Be3 Qe7 8.Nbd2 b6
9.Nc4 f6 10.a4 Nh6 11.a5 b5 12.Ncd2 Be6 13.O-O Nf7 14.Nh2 O-O 15.Nb3 Bxb3
16.cxb3 Nd8 17.Qc2 Ne6 18.Rac1 Rfd8 19.Rfd1 Bf8 20.Nf3 Rac8 21.Rf1 a6 22.Rcd1 Qc7
23.b4 Nd4 24.Nxd4 exd4 25.Bd2 cxb4 26.Bxb4 Bxb4 27.Qb3+ Qf7 28.Qxb4 c5 29.Qd2 Qb3
30.Rfe1 c4 31.dxc4 bxc4 32.Qf4 c3 33.bxc3 dxc3 34.Rb1 Qe6 35.Rbc1 Qe5 36.Qxe5 fxe5
37.Rc2 Rd4 38.Re3 Rdc4 39.Kf1 R8c5 40.f3 Kf7 41.Ke2 Ke6 42.Rd3 h5 43.h4 Ke7
44.Kf2 Ke6 45.Ke3 Ke7 46.g3 Ke6 47.f4 Rxa5 48.Rdxc3 Rxc3+ 49.Rxc3 Kd6 50.Rd3+ Ke6
51.Rb3 Kd7 52.Rb6 Ra3+ 53.Kf2 Ra2+ 54.Kf3 Ra3+ 55.Kg2 Ra2+ 56.Kh3 Ra3 57.fxe5 a5
58.Rxg6 a4 59.Ra6 Ra2 60.e6+ Ke7 61.Ra5 Kxe6 62.Rxh5 Re2 63.Ra5 Rxe4 64.h5 Re5
65.Ra6+ Kf7 66.g4 Re3+ 67.Kh4 a3 68.h6 Rb3 69.Kh5 Rh3+ 70.Kg5 Rb3 71.Ra7+ Kg8
72.Kg6 Rb6+ 73.Kh5 Rb5+ 74.g5 Rb3 75.Ra8+ Kf7 76.g6+ Kf6 77.g7 Kf5 78.Ra5+ Kf4
79.Kg6  1-0

[Event "Olympiad w"]
[Site "Bled SLO"]
[Date "2002.11.01"]
[Round "7"]
[White "Pina,S"]
[Black "Ankerst,Mil"]
[Result "1-0"]
[WhiteElo "2316"]
[BlackElo "2140"]

1.e4 c5 2.Nf3 Nc6 3.Bb5 e6 4.Bxc6 bxc6 5.d3 Ne7 6.h4 Ba6 7.c4 Qc7 8.e5 Ng6
9.Qe2 f6 10.exf6 gxf6 11.g3 Be7 12.h5 Ne5 13.Nxe5 Qxe5 14.Qxe5 fxe5 15.Nc3 d6
16.b3 Kd7 17.Bh6 Rhg8 18.O-O-O Kc7 19.Rdg1 d5 20.Re1 Bg5+ 21.Bxg5 Rxg5 22.Ne2 Re8
23.Kd2 Kd6 24.f3 Bc8 25.Ke3 Bd7 26.g4 Rf8 27.Ng1 a5 28.Rh2 Rgg8 29.Rc2 a4
30.Rb1 axb3 31.Rxb3 Ra8 32.Ne2 Ra5 33.Kf2 Rga8 34.Nc3 e4 35.dxe4 d4 36.e5+ Kxe5
37.Ne4 Kf4 38.a4 Rxa4 39.Nxc5 Ra2 40.Nd3+ Kg5 41.Rxa2 Rxa2+ 42.Kg3 Ra7 43.Rb8 Kf6
44.Kf4 c5 45.g5+ Ke7 46.Ke5 Ra3 47.Nxc5 Rxf3 48.Rb7 Rf5+ 49.Kxd4 Rxg5 50.Rxd7+ Ke8
51.Rxh7 Rg4+ 52.Ke5 Rxc4 53.Kxe6 Kd8 54.Nb7+  1-0

[Event "Olympiad"]
[Site "Bled SLO"]
[Date "2002.11.01"]
[Round "7"]
[White "Aldama,D"]
[Black "Obodchuk,A"]
[Result "0-1"]
[WhiteElo "2443"]
[BlackElo "2423"]

1.e4 c5 2.Nf3 Nc6 3.Bb5 g6 4.Bxc6 dxc6 5.h3 Bg7 6.O-O b6 7.d3 Nf6 8.Nc3 O-O
9.Be3 h6 10.a4 a5 11.Nd2 e5 12.Qc1 Kh7 13.Nc4 Nh5 14.g4 Qh4 15.gxh5 gxh5
16.Ne2 Rg8 17.Ng3 Qxh3 18.Qd2 Bf6 19.d4 Bg4 20.f3 Qxg3+ 21.Qg2 Qxg2+  0-1

[Event "Olympiad"]
[Site "Bled SLO"]
[Date "2002.11.01"]
[Round "7"]
[White "Nezad,H"]
[Black "Isaev,J"]
[Result "1-0"]
[WhiteElo "2315"]
[BlackElo "2440"]

1.e4 c5 2.Nf3 Nc6 3.Bb5 g6 4.Bxc6 dxc6 5.d3 Bg7 6.h3 Nf6 7.Nc3 O-O 8.Be3 b6
9.Qd2 Re8 10.O-O e5 11.Bh6 Nh5 12.Ne2 Qf6 13.Nh2 Nf4 14.Bxg7 Kxg7 15.Nxf4 exf4
16.c3 h5 17.Rfe1 g5 18.d4 Rd8 19.Rad1 g4 20.e5 Qf5 21.g3 fxg3 22.fxg3 gxh3
23.Rf1 Qg6 24.Qe3 cxd4 25.cxd4 Bf5 26.Rf4 Qe6 27.Rdf1 Qd5 28.Nf3 Bg6 29.Nh4 Rd7
30.R1f2 Rh8 31.Kh2 c5 32.Rf6 Qxd4 33.Qg5 Qg4 34.Nf5+ Kg8 35.Nh6+ Rxh6 36.Qxh6 Rd1
37.e6 Rd3 38.Rxg6+ Qxg6 39.exf7+ Qxf7 40.Rxf7  1-0

[Event "Olympiad"]
[Site "Bled SLO"]
[Date "2002.11.01"]
[Round "7"]
[White "Ardeshi,M"]
[Black "Jelen,Ig"]
[Result "1/2-1/2"]
[WhiteElo "2321"]
[BlackElo "2362"]

1.e4 c5 2.Nf3 Nc6 3.Bb5 g6 4.Bxc6 dxc6 5.d3 Bg7 6.O-O b6 7.h3 e5 8.Nc3 Ne7
9.Nh2 O-O 10.f4 f5 11.fxe5 Bxe5 12.Bh6 Bg7 13.Bxg7 Kxg7 14.Qc1 fxe4 15.Rxf8 Qxf8
16.dxe4 Qf6 17.Qf1 Qxf1+ 18.Rxf1 Be6 19.Rd1 Rf8 20.Rd6 Bc8 21.Nd1 Rf6 22.Rd8 Rf8
23.Rd6 Rf6 24.Rd2 h6 25.Nf2 g5 26.Nf3 Ng6 27.Rd8 Rf8 28.Rxf8 Kxf8 29.g3 Ke7
30.Kf1 Kf6 31.Ke2 Be6 32.a3 a5 33.Ke3 Bc8 34.h4 gxh4 35.gxh4 h5 36.Nd3 Bg4
37.Nde1 a4 38.c3 Ke7 39.Kf2 Kf6 40.Ke3 Ke7 41.Kf2 Kf6 42.Nd3  1/2-1/2

[Event "Olympiad w"]
[Site "Bled SLO"]
[Date "2002.11.01"]
[Round "7"]
[White "Jackova,J"]
[Black "Botsari,A"]
[Result "1-0"]
[WhiteElo "2361"]
[BlackElo "2320"]

1.e4 c5 2.Nf3 Nc6 3.Bb5 e6 4.O-O Nge7 5.Re1 Nd4 6.Ba4 a6 7.c3 Nxf3+ 8.Qxf3 b5
9.Bc2 Bb7 10.d3 Ng6 11.Be3 Be7 12.Qh5 Qc7 13.a4 O-O 14.Nd2 f5 15.Bg5 Nf4
16.Qh4 Bxg5 17.Qxg5 Rf6 18.exf5 exf5 19.Bb3+ c4 20.dxc4 bxa4 21.Rxa4 Nh3+
22.gxh3 Rg6 23.Qxg6 hxg6 24.c5+ Kf8 25.Rh4 Be4 26.Nxe4 Qe5 27.f4 Qc7 28.Rh8+ Ke7
29.Ng5+  1-0

[Event "Olympiad w"]
[Site "Bled SLO"]
[Date "2002.11.01"]
[Round "7"]
[White "Makropoulou,M"]
[Black "Krupkova,P"]
[Result "1/2-1/2"]
[WhiteElo "2272"]
[BlackElo "2296"]

1.e4 c5 2.Nf3 Nc6 3.Bb5 d6 4.d4 cxd4 5.Qxd4 Bd7 6.Bxc6 Bxc6 7.Nc3 Nf6 8.Bg5 e6
9.O-O-O Be7 10.Rhe1 O-O 11.Kb1 Qc7 12.Qd3 Rfd8 13.Nd4 a6 14.f4 h6 15.h4 Be8
16.f5 hxg5 17.hxg5 Nh7 18.f6 Nxg5 19.fxe7 Qxe7 20.Qg3 f6 21.Rh1 Rac8 22.Rde1 Bg6
23.Nf3 Rc5 24.e5 dxe5 25.Nxg5 fxg5 26.Qh2 Rf8 27.Qh8+ Kf7 28.Qh2 e4 29.Nxe4 Bxe4
30.Rxe4 Rf5 31.g4 Rf6 32.a3 Qc5 33.Re5 Qc4 34.Qh5+ Kg8 35.Qh7+ Kf7 36.Qh5+ Kg8
37.Qh7+ Kf7 38.Rxg5 Rf1+ 39.Rxf1+ Qxf1+ 40.Ka2 Qf6 41.Rc5 Qe7 42.Rc3 e5 43.b3 Ke6
44.Qg6+ Rf6 45.Qd3 Rf4 46.Qg6+ Rf6 47.Qd3 Rf4 48.Qg6+  1/2-1/2

[Event "British Rapidplay"]
[Site "Bradford ENG"]
[Date "2002.11.01"]
[Round "11"]
[White "Ashton,A"]
[Black "Wells,P"]
[Result "0-1"]
[WhiteElo "2175"]
[BlackElo "2489"]

1.e4 c5 2.Nf3 Nc6 3.Bb5 g6 4.O-O Bg7 5.Re1 Nf6 6.e5 Nd5 7.Nc3 Nc7 8.Bxc6 dxc6
9.Ne4 b6 10.Nf6+ Kf8 11.Ne4 Bg4 12.d3 Ne6 13.Ned2 Qd5 14.h3 Bxf3 15.Nxf3 Rd8
16.Qe2 h6 17.a4 a5 18.b3 Kg8 19.Bb2 Kh7 20.Rad1 Nd4 21.Bxd4 cxd4 22.h4 Rhe8
23.h5 g5 24.Nh2 Qe6 25.Qe4+ f5 26.exf6 Qxe4 27.Rxe4 exf6 28.Rde1 Rxe4 29.Rxe4 Rd5
30.Nf3 f5 31.Re7 Kg8 32.Kf1 Rc5 33.Ne1  0-1

[Event "Blue Autumn"]
[Site "Bucharest ROM"]
[Date "2002.11.01"]
[Round "10"]
[White "Vasiesiu,D"]
[Black "Radovanovic,D"]
[Result "1/2-1/2"]
[WhiteElo "2435"]
[BlackElo "2334"]

1.e4 c5 2.Nf3 Nc6 3.Bb5 d6 4.O-O Bd7 5.Re1 a6 6.Bxc6 Bxc6 7.d4 cxd4 8.Nxd4 Nf6
9.Nxc6 bxc6 10.Qf3 Qc7 11.b3 e5 12.Nd2 Be7 13.Nc4 O-O 14.Bg5 Ne8 15.Bd2 g6
16.Qg3 f6 17.Rad1 d5 18.exd5 cxd5 19.Ne3 Rd8 20.c4 dxc4 21.Nxc4 Ng7 22.Ba5 Rxd1
23.Rxd1 Qc8 24.Qd3 Nf5 25.Qd7 Bc5 26.Qxc8 Rxc8 27.Rd7 h5 28.h3 g5 29.Kf1 g4
30.hxg4 hxg4 31.Ke2 Rc6 32.Rc7 Rxc7 33.Bxc7 Kf7 34.Bb6 Bxb6 35.Nxb6 Ke6 36.Kd3 g3
37.fxg3 Nxg3 38.Na4 Kd5 39.Nc3+ Ke6 40.b4 f5 41.a4  1/2-1/2

[Event "Olympiad w"]
[Site "Bled SLO"]
[Date "2002.11.02"]
[Round "8"]
[White "Arribas,M"]
[Black "Skripchenko,A"]
[Result "1-0"]
[WhiteElo "2348"]
[BlackElo "2497"]

1.e4 c5 2.Nf3 Nc6 3.Bb5 g6 4.O-O Bg7 5.Re1 e5 6.d3 Nge7 7.Bxc6 Nxc6 8.Nc3 d6
9.h3 O-O 10.Nd5 h6 11.c3 f5 12.b4 b6 13.b5 Ne7 14.Nxe7+ Qxe7 15.a4 Qf7 16.Kh2 g5
17.exf5 Bxf5 18.Be3 Qg6 19.d4 cxd4 20.cxd4 e4 21.Ng1 h5 22.a5 Rae8 23.axb6 axb6
24.Ra6 d5 25.Qb3 Qd6+ 26.Kh1 Bf6 27.Rc1 Rc8 28.Rxc8 Rxc8 29.Qa2 Bd7 30.Qe2 g4
31.Ra7 Rc4 32.Bf4 Qe6 33.Be5 Bg5 34.g3 Bh6 35.Ra8+ Kh7 36.Rh8+ Kg6 37.h4 Qf5
38.Qa2 e3 39.Qa8 Rc8 40.Rxc8 Bxc8 41.Qc6+ Be6 42.Qe8+ Bf7 43.Qc6+ Kh7 44.fxe3 Bxe3
45.Qa8 Bh6 46.Qh8+ Kg6 47.Qd8 Be6 48.Qxb6 Qe4+ 49.Kh2 Qc2+ 50.Kh1 Kf5 51.Qb7 Ke4
52.Qc6 Qxc6 53.bxc6 Ke3 54.Kg2 Bf5 55.c7 Kd2 56.Bf4+ Bxf4 57.gxf4 Ke3 58.Kg3 Kxd4
59.Kf2 g3+ 60.Kf3 Bg4+ 61.Kxg3 Ke3 62.Nf3 Bf5 63.Ne5 d4 64.Nc4+ Ke2 65.Nd6 Bd7
66.f5 d3 67.f6 d2 68.Ne4  1-0

[Event "Olympiad w"]
[Site "Bled SLO"]
[Date "2002.11.02"]
[Round "8"]
[White "Klinova,M"]
[Black "Son,O"]
[Result "1-0"]
[WhiteElo "2374"]
[BlackElo "2169"]

1.e4 c5 2.Nf3 Nc6 3.Bb5 e5 4.O-O d6 5.c3 a6 6.Bxc6+ bxc6 7.d4 cxd4 8.cxd4 Qc7
9.dxe5 dxe5 10.Be3 Nf6 11.Nbd2 Be7 12.Qc2 O-O 13.Rac1 Bb7 14.Bc5 Rac8 15.Nb3 Rfe8
16.Rfd1 Nd7 17.Bxe7 Rxe7 18.Nc5 Nxc5 19.Qxc5 f6 20.Nd2 Rd7 21.Nb3 Rxd1+ 22.Rxd1 Rd8
23.Rc1 Qd6 24.Qc4+ Kh8 25.h3 Qe7 26.Nc5 Rd4 27.Qb3 Bc8 28.Qb6 h6 29.Qxc6 Qd8
30.Kh2 Rd6 31.Qa8 Kh7 32.Rc3 Rd2 33.Nb3 Be6 34.Qxd8 Rxd8 35.Kg3 Rb8 36.Kf3 a5
37.Nxa5 Rxb2 38.a3 Kg6 39.Nc6 h5 40.Ke3 Bd7 41.Nb4 Bb5 42.h4 Kf7 43.Nd5 Bf1
44.Kf3 Be2+ 45.Kg3 Bb5 46.Rc7+ Kf8 47.Ra7 Bd3 48.f3 f5 49.exf5 Bxf5 50.Ne3 Bd3
51.Ra5 Bg6 52.Rxe5 Rb3 53.a4 Ra3 54.a5 Bf7 55.Nf5 g6 56.Nd6 Bg8 57.Ne4 Ra2
58.Nd6 Rd2 59.Ne4 Ra2 60.Rg5 Kg7 61.Kf4 Ra4 62.Rc5 Bf7 63.Ke5 Ra2 64.g3 Ra3
65.Ng5 Ra4 66.Kd6 Bc4 67.Rc7+ Kg8 68.Rc5 Kg7 69.Kc7 Be2 70.f4 Ra3 71.Ne6+ Kf7
72.Nd4 Bf1 73.Kb6 Rxg3 74.Rc1 Bh3 75.a6 Ra3 76.Nb5 Ra4 77.Rc3  1-0

[Event "Olympiad w"]
[Site "Bled SLO"]
[Date "2002.11.02"]
[Round "8"]
[White "Agrest,S"]
[Black "Geldyeva,M"]
[Result "0-1"]
[WhiteElo "2232"]
[BlackElo "2265"]

1.e4 c5 2.Nf3 Nc6 3.Bb5 Qb6 4.Nc3 a6 5.Bxc6 bxc6 6.O-O d6 7.h3 e5 8.d3 Be7
9.Nd2 g5 10.Nc4 Qc7 11.Qe2 h5 12.f3 Bf6 13.Bd2 Be6 14.Ne3 Ne7 15.Ncd1 Qd7
16.Nc4 Rb8 17.Rb1 Ng6 18.b3 Nf4 19.Bxf4 gxf4 20.Qd2 Bh4 21.Nf2 Rg8 22.Kh1 Ke7
23.Rg1 Rg6 24.Rbf1 Rbg8 25.Nb6 Qd8 26.Nc4 Bxf2 27.Rxf2 Bxh3 28.Qa5 Qd7 29.Kh2 Rg3
30.Nxe5 dxe5 31.Qxc5+ Kf6  0-1